| 000 | 02975cam a2200373 a 4500 | ||
|---|---|---|---|
| 999 |
_c2717 _d2717 |
||
| 001 | 16602889 | ||
| 003 | OSt | ||
| 005 | 20230815081727.0 | ||
| 008 | 110107s2010 enkab b 001 0 eng | ||
| 010 | _a 2011000351 | ||
| 015 |
_aGBB075012 _2bnb |
||
| 016 | 7 |
_a015583162 _2Uk |
|
| 020 | _a9780230212145 (pbk. : alk. paper) | ||
| 020 | _a023021214X (pbk. : alk. paper) | ||
| 035 | _a(OCoLC)ocn695860312 | ||
| 040 |
_aDLC _cDLC _dYDX _dYDXCP _dCDX _dUKM _dBTCTA _dSINLB _dPUL _dSNK _dVP@ _dKH8 _dDLC |
||
| 042 | _apcc | ||
| 043 | _aas----- | ||
| 082 | 0 | 0 | _a959 RIC |
| 100 |
_aRicklefs, M.C., _eauthor. |
||
| 245 | 0 | 2 |
_aA new history of Southeast Asia / _cM.C. Ricklefs ... [et al.] ; edited by M.C. Ricklefs. |
| 260 |
_aHoundmills, Basingstoke, Hampshire ; _aNew York : _bPalgrave Macmillan, _c2010. |
||
| 300 |
_axxxi, 536 p. : _bill., maps ; _c24 cm. |
||
| 504 | _aIncludes bibliographical references and index. | ||
| 505 | 0 | _aEthnic groups, early cultures and social structures -- Early state formation -- 'Classical' states at their height -- New global religions and ideas from the thirteenth century -- The rise of new states from the fourteenth century -- Non-indigenous actors old and new -- Early modern Southeast Asian states -- Colonial communities, c.1800-1900 -- Reform, new ideas and the 1930s crisis (c.1900-42) -- World War II in Southeast Asia (1942-1945) -- Regaining independence in the decades after 1945 -- Building nations, to c.1990 -- Boom and bust in Southeast Asia c.1990-2008 -- Southeast Asia today. | |
| 520 | _aA new, comprehensive, one volume history of Southeast Asia that spans prehistory to the present. Ricklefs brings together colleagues at the National University of Singapore whose expertise covers the entire region, encompassing political, social, economic, religious, and cultural history. -- Back Cover. | ||
| 520 | _aOpening with an account of the ethnic groups and initial cultural and social structures of Southeast Asia, the book moves through the early 'classical' states, the arrival of new global religions, and the impact of non-indigenous actors. The history of early modern states and their colonial successors is followed by analysis of World War II across the region. Offering a definitive account of decolonization and early post-colonial nation-building, the text then transports us to modern-day Southeast Asia, exploring its place in a world recovering from the financial crisis. -- Back Cover. | ||
| 520 | _aThe distinguished author team provide an authoritative and accessible narrative, drawing upon the latest research and offering detailed guidance on further reading. A landmark contribution to the field, this is an essential text for scholars, students, and anyone interested in Southeast Asia. --Back Cover. | ||
| 651 | 0 |
_aSoutheast Asia _xHistory. |
|
| 700 | 1 |
_aLockhart, Bruce, _eauthor. |
|
| 700 | 1 |
_aLau, Albert, _eauthor. |
|
| 906 |
_a7 _bcbc _corignew _d1 _eecip _f20 _gy-gencatlg |
||
| 942 |
_2ddc _cTR |
||